000 00300nam a22001337a 4500
008 170721b xxu||||| |||| 00| 0 eng d
020 _a9780151003389
041 _aeng
080 _a004
100 _a28
101 _aSHKI
245 _aTHE ADVENT OF THE ALGORITHM
_cBERLINSKI, D
942 _2udc
_cBK
999 _c21698
_d21698